Identification of softwoods (Record no. 548710)
[ view plain ]
| 000 -LEADER | |
|---|---|
| fixed length control field | 00367cam a2200133 a 4500 |
| 082 00 - DEWEY DECIMAL CLASSIFICATION NUMBER | |
| Classification number | 674.144 |
| Author Mark | PHI |
| -- | L-24, P-2 |
| 100 ## - MAIN ENTRY--PERSONAL NAME | |
| Personal name | E.w.j, phillips |
| 9 (RLIN) | 45116 |
| 245 04 - TITLE STATEMENT | |
| Title | Identification of softwoods |
| Remainder of title | Phillips, E.W.J |
| 260 ## - PUBLICATION, DISTRIBUTION, ETC. | |
| Place of publication, distribution, etc. | London: |
| Date of publication, distribution, etc. | c1948. |
| 300 ## - PHYSICAL DESCRIPTION | |
| Extent | 55p. : |
| Other physical details | ill. ; |
| Dimensions | 28 cm. |
| 526 ## - STUDY PROGRAM INFORMATION NOTE | |
| Program name | 0 |
| Interest level | 0 |
| Reading level | 0 |
| Title point value | 674_144000000000000_PHI |
| 650 #0 - SUBJECT ADDED ENTRY--TOPICAL TERM | |
| Topical term or geographic name entry element | MCE |
| 9 (RLIN) | 379 |
| 942 ## - ADDED ENTRY ELEMENTS (KOHA) | |
| Source of classification or shelving scheme | |
| Koha item type | Book |
| Withdrawn status | Lost status | Source of classification or shelving scheme | Damaged status | Not for loan | Permanent Location | Current Location | Date acquired | Total Checkouts | Full call number | Barcode | Date last seen | Price effective from | Koha item type |
|---|---|---|---|---|---|---|---|---|---|---|---|---|---|
| Military College of Engineering (MCE) | Military College of Engineering (MCE) | 09/04/2014 | 674.144 PHI | MCE-40926 | 09/04/2014 | 09/04/2014 | Book |
